El sistema bancario argentino 1990-2001 (Registro nro. 23198)

Detalles MARC
000 -LEADER
fixed length control field 00335 a2200109 4500
001 - CONTROL NUMBER
control field ART_10679
005 - DATE AND TIME OF LATEST TRANSACTION
control field 20260410161831.0
008 - FIXED-LENGTH DATA ELEMENTS--GENERAL INFORMATION
fixed length control field 260409a
100 1# - MAIN ENTRY--PERSONAL NAME
Personal name Frediani, Ramón O.
245 10 - TITLE STATEMENT
Title El sistema bancario argentino 1990-2001
773 0# - HOST ITEM ENTRY
Title Actualidad Económica
Related parts - Año XII, Nº 53 (ago./dic. 2002)
Record control number REV5083

No hay ítems disponibles.